Directors of Denzel Washington Movies - Statistics

General Stats
  • This quiz has been taken 61 times
  • The average score is 26 of 52
Answer Stats
Year Movie Director % Correct
2024 Gladiator II Ridley Scott
94%
2007 American Gangster Ridley Scott
94%
2010 Unstoppable Tony Scott
94%
2009 The Taking of Pelham 123 Tony Scott
94%
2006 Déjà Vu Tony Scott
94%
2004 Man on Fire Tony Scott
94%
1995 Crimson Tide Tony Scott
94%
2006 Inside Man Spike Lee
92%
1998 He Got Game Spike Lee
92%
1992 Malcolm X Spike Lee
92%
1990 Mo' Better Blues Spike Lee
92%
2023 The Equalizer 3 Antoine Fuqua
79%
2018 The Equalizer 2 Antoine Fuqua
79%
2016 The Magnificent Seven Antoine Fuqua
79%
2014 The Equalizer Antoine Fuqua
79%
2001 Training Day Antoine Fuqua
79%
2016 Fences Denzel Washington
79%
2007 The Great Debaters Denzel Washington
79%
2002 Antwone Fisher Denzel Washington
79%
2021 The Tragedy of Macbeth Joel Coen
71%
2004 The Manchurian Candidate Jonathan Demme
71%
1993 Philadelphia Jonathan Demme
71%
2012 Flight Robert Zemeckis
71%
1998 The Siege Edward Zwick
56%
1996 Courage Under Fire Edward Zwick
56%
1989 Glory Edward Zwick
56%
1993 Much Ado About Nothing Kenneth Branagh
54%
2010 The Book of Eli The Hughes Brothers
38%
2017 Roman J. Israel, Esq Dan Gilroy
33%
1993 The Pelican Brief Alan J. Pakula
29%
1996 The Preacher's Wife Penny Marshall
27%
2013 2 Guns Baltasar Kormákur
25%
2003 Out of Time Carl Franklin
25%
1995 Devil in a Blue Dress Carl Franklin
25%
2012 Safe House Daniel Espinosa
25%
1987 Cry Freedom Richard Attenborough
25%
2000 Remember the Titans Boaz Yakin
23%
1999 The Hurricane Norman Jewison
21%
1984 A Soldier's Story Norman Jewison
21%
2021 The Little Things John Lee Hancock
17%
2002 John Q. Nick Cassavetes
17%
1999 The Bone Collector Phillip Noyce
17%
1991 Mississippi Masala Mira Nair
15%
2020 Ma Rainey's Black Bottom George C. Wolfe
13%
1998 Fallen Gregory Hoblit
13%
1986 Power Sidney Lumet
13%
1995 Virtuosity Brett Leonard
10%
1991 Ricochet Russell Mulcahy
10%
1989 The Mighty Quinn Carl Schenkel
8%
1990 Heart Condition James D. Parriott
8%
1988 For Queen and Country Martin Stellman
8%
1981 Carbon Copy Michael Schultz
8%
No matching quizzes found
Score Distribution
Percent of People with Each Score
Percentile by Number Answered
Your Score History
You have not taken this quiz